00973cam a2200265 a 450000100060000000300080000600500170001400800410003102000170007203500190008904000230010804100080013108200310013924501170017026000380028730000270032550400290035265000350038165000320041665100570044870000300050594200120053599900170054795201430056436015BD-RjUL20211209052422.0140615s1985 cou b 000 0 eng  a0813301866 : a(BD-RjUL)36112 aDLCcDLCdDLCbeng aeng00a320.53109436219bAUS 198504aThe Austrian socialist experiment :bsocial democracy and austromarxism, 1918-1934 /cedited by Anson Rabinbach. aBoulder :bWestview Press,c1985. aviii, 259 p. ;c23 cm. aIncludes bibliographies. 0aAustro-Marxist school.9109647 0aSocialismzAustria.9109648 0aAustriaxPolitics and governmenty1918-1938.91096491 aRabinbach, Anson.9109650 2ddccBK c36015d36015 00102ddc40718NFICaRUCLbRUCLcReadingd1990-06-07eASIA FONDATIONl0o320.53109436 AUS 1985r2014-06-15 00:00:00tC-1w2014-06-15yBK